Statistics for Restaurants A-Z

Click here to take the quiz!

General Stats

  • This quiz has been taken 42 times
  • The average score is 13 of 26

Answer Stats

LetterTypeRestaurant% Correct
BBurgerBurger King
97%
MBurgerMcDonald's
92%
KChickenKFC
89%
PPizzaPizza Hut
86%
SSandwichSubway
86%
TMexicanTaco Bell
84%
ACasual DiningApplebee's
73%
OCasual Dining (Italian)Olive Garden
73%
WBurgerWendy's
73%
QSandwichQuiznos
70%
DDinerDenny's
68%
GBuffetGolden Corral
59%
JBurgerJack in the Box
54%
IDinerIHOP
46%
CCasual DiningChili's
38%
LPizzaLittle Caesar's
35%
RCasual DiningRed Robin
35%
ZChickenZaxby's
35%
FBurgerFive Guys
27%
UCasual Dining (Pizza and Grill)Uno
27%
EChickenEl Pollo Loco
19%
NCasual Dining (Chicken)Nando's
8%
HCasual DiningHooters
3%
VPizzaVilla
3%
XSmoothiesXtreme Juice
0%
YSports BarYard House
0%

Score Distribution

Percentile by Number Answered

Percent of People with Each Score

Your Score History

You have not taken this quiz